000 00751nam a2200217Ii 4500
003 JO-AjNU
008 230605s9999||||xx |||||||||||||| ||und||
017 _a1993/8/620
040 _aJO-AjNU
_bara
_erda
_cJO-AjNU
041 _aara
050 1 4 _aHC415.26 .U7434 1993
100 3 _aعريقات،حربي محمد موسى,
_eauthor
_913454
245 0 0 _aالتنمية والتخطيط الاقتصادي مفاهيم عامة مع التركيز على تجربة الاردن
250 _aط1
264 3 1 _aعمان:دار الكرمل،1993
300 _a455ص
336 _atext
_btxt
_2rdacontent
337 _aunmediated
_bn
_2rdamedia
338 _avolume
_bnc
_2rdacarrier
650 4 _a الأردن - سياسة اقتصادية
_913455
999 _aA3354
_c6922
_d6922